000
00292nam a2200109Ia 4500
008
180117s9999 xx 000 0 und d
245
_a
This Week in Arts and Culture
260
_c
2017
300
_a
17-18 pages, 2017 September 3
440
_a
Philippine Panorama
650
_a
ARTS AND CULTURE
999
_c
353530
_d
353530